Export abgeschlossen — 

Những người đàn bà nổi tiếng trong tình yêu và sáng tạo

Gespeichert in:
Bibliographische Detailangaben
1. Verfasser: U A MURAMOV
Format: Buch
Sprache:Undetermined
Veröffentlicht: Hà Nội Phụ Nữ 2002
Schlagworte:
Tags: Tag hinzufügen
Keine Tags, Fügen Sie den ersten Tag hinzu!
Thư viện lưu trữ: Trung tâm Học liệu Trường Đại học Cần Thơ
LEADER 00561nam a2200169Ia 4500
001 CTU_48155
008 210402s9999 xx 000 0 und d
082 |a 305.42 
082 |b M972 
100 |a U A MURAMOV 
245 0 |a Những người đàn bà nổi tiếng trong tình yêu và sáng tạo 
245 0 |c U A MURAMOV, Như Nguyện, Thanh Hương 
260 |a Hà Nội 
260 |b Phụ Nữ 
260 |c 2002 
650 |a women in public life,women in social life 
980 |a Trung tâm Học liệu Trường Đại học Cần Thơ